MARC details
| 000 -LEADER |
| fixed length control field |
02339cam a2200529 a 4500 |
| 001 - CONTROL NUMBER |
| control field |
sjds1082572 |
| 003 - CONTROL NUMBER IDENTIFIER |
| control field |
sjds |
| 005 - DATE AND TIME OF LATEST TRANSACTION |
| control field |
20200706095425.0 |
| 008 - FIXED-LENGTH DATA ELEMENTS--GENERAL INFORMATION |
| fixed length control field |
090209t20092009txua c 000 1 eng |
| 010 ## - LIBRARY OF CONGRESS CONTROL NUMBER |
| LC control number |
2009003481 |
| 020 ## - INTERNATIONAL STANDARD BOOK NUMBER |
| International Standard Book Number |
9781558855441 (pbk. : alk. paper) |
| 020 ## - INTERNATIONAL STANDARD BOOK NUMBER |
| International Standard Book Number |
1558855440 (pbk. : alk. paper) |
| 035 ## - SYSTEM CONTROL NUMBER |
| System control number |
415393 |
| 035 ## - SYSTEM CONTROL NUMBER |
| System control number |
(OCoLC)310171752 |
| 035 ## - SYSTEM CONTROL NUMBER |
| System control number |
415393 |
| 040 ## - CATALOGING SOURCE |
| Original cataloging agency |
DLC |
| Transcribing agency |
DLC |
| Modifying agency |
BTCTA |
| -- |
TXH |
| -- |
JTH |
| -- |
IF9 |
| -- |
IFA |
| -- |
UtOrBLW |
| 041 0# - LANGUAGE CODE |
| Language code of text/sound track or separate title |
eng |
| -- |
spa |
| 049 ## - LOCAL HOLDINGS (OCLC) |
| Holding library |
IFAA |
| 099 ## - LOCAL FREE-TEXT CALL NUMBER (OCLC) |
| Classification number |
CHILDREN ESPANOL FICTION GARCIA 2009 |
| 100 1# - MAIN ENTRY--PERSONAL NAME |
| Personal name |
García, Nasario, |
| Relator term |
author. |
| 245 10 - TITLE STATEMENT |
| Title |
Ruido de cadenas y otros cuentos para ninos / |
| Statement of responsibility, etc. |
Nasario Garcia = Rattling chains and other stories for children / por Nasario Garcia. |
| 246 31 - VARYING FORM OF TITLE |
| Title proper/short title |
Rattling chains and other stories for children |
| 260 ## - PUBLICATION, DISTRIBUTION, ETC. (IMPRINT) |
| Place of publication, distribution, etc. |
Houston, Tex. : |
| Name of publisher, distributor, etc. |
Pinata Books, |
| Date of publication, distribution, etc. |
c2009 |
| 264 #1 - PRODUCTION, PUBLICATION, DISTRIBUTION, MANUFACTURE, AND COPYRIGHT NOTICE |
| Place of production, publication, distribution, manufacture |
Houston, Tex. : |
| Name of producer, publisher, distributor, manufacturer |
Piñata Books, |
| Date of production, publication, distribution, manufacture, or copyright notice |
[2009] |
| 264 #4 - PRODUCTION, PUBLICATION, DISTRIBUTION, MANUFACTURE, AND COPYRIGHT NOTICE |
| Date of production, publication, distribution, manufacture, or copyright notice |
c2009 |
| 300 ## - PHYSICAL DESCRIPTION |
| Extent |
61, 60 pages : |
| Other physical details |
illustrations ; |
| Dimensions |
22 cm |
| 336 ## - CONTENT TYPE |
| Content type term |
text |
| Content type code |
txt |
| Source |
rdacontent |
| 337 ## - MEDIA TYPE |
| Media type term |
unmediated |
| Media type code |
n |
| Source |
rdamedia |
| 338 ## - CARRIER TYPE |
| Carrier type term |
volume |
| Carrier type code |
nc |
| Source |
rdacarrier |
| 505 00 - FORMATTED CONTENTS NOTE |
| Miscellaneous information |
El |
| Title |
nicho mágico -- |
| Miscellaneous information |
El |
| Title |
Coquimbo -- |
| -- |
Se acabó el Coco! -- |
| Miscellaneous information |
Un |
| Title |
tesoro enterrado -- |
| -- |
Ruido de cadenas. |
| 505 00 - FORMATTED CONTENTS NOTE |
| Miscellaneous information |
The |
| -- |
magical Nicho -- |
| -- |
The |
| Title |
Coquimbo owl -- |
| -- |
No more bogeyman! -- |
| Miscellaneous information |
A |
| Title |
buried treasure -- |
| -- |
Rattling chains. |
| 520 ## - SUMMARY, ETC. |
| Summary, etc. |
A collection of scary stories based on the lore of New Mexico, in English and in Spanish. |
| 526 0# - STUDY PROGRAM INFORMATION NOTE |
| Program name |
Accelerated Reader |
| Interest level |
MG |
| Reading level |
4.9 |
| Title point value |
2.0 |
| Public note |
152610 |
| 546 ## - LANGUAGE NOTE |
| Language note |
Text in Spanish and English. |
| 546 ## - LANGUAGE NOTE |
| Language note |
Texto en español e inglés. |
| 650 #0 - SUBJECT ADDED ENTRY--TOPICAL TERM |
| Topical term or geographic name as entry element |
Hispanic Americans |
| Geographic subdivision |
New Mexico |
| Form subdivision |
Folklore. |
| 650 #0 - SUBJECT ADDED ENTRY--TOPICAL TERM |
| Topical term or geographic name as entry element |
Horror tales |
| Geographic subdivision |
New Mexico |
| Form subdivision |
Juvenile literature. |
| 650 #0 - SUBJECT ADDED ENTRY--TOPICAL TERM |
| Topical term or geographic name as entry element |
Folklore |
| Geographic subdivision |
New Mexico |
| Form subdivision |
Juvenile literature. |
| 650 #0 - SUBJECT ADDED ENTRY--TOPICAL TERM |
| Topical term or geographic name as entry element |
Upside-down books |
| Form subdivision |
Specimens |
| -- |
Juvenile literature. |
| 650 #0 - SUBJECT ADDED ENTRY--TOPICAL TERM |
| Topical term or geographic name as entry element |
Spanish language materials |
| General subdivision |
Bilingual |
| Form subdivision |
Juvenile literature. |
| 650 #7 - SUBJECT ADDED ENTRY--TOPICAL TERM |
| Topical term or geographic name as entry element |
Hispanoestadounidenses |
| Geographic subdivision |
Nuevo México |
| Form subdivision |
Folklore |
| -- |
Novela juvenil. |
| Source of heading or term |
bidex |
| 650 #7 - SUBJECT ADDED ENTRY--TOPICAL TERM |
| Topical term or geographic name as entry element |
Cuentos populares de terror |
| Geographic subdivision |
Nuevo México |
| Form subdivision |
Literatura juvenil. |
| Source of heading or term |
bidex |
| 650 #7 - SUBJECT ADDED ENTRY--TOPICAL TERM |
| Topical term or geographic name as entry element |
Folklore |
| Geographic subdivision |
Nuevo México |
| Form subdivision |
Literatura juvenil. |
| Source of heading or term |
bidex |
| 650 #7 - SUBJECT ADDED ENTRY--TOPICAL TERM |
| Topical term or geographic name as entry element |
Libros al reves |
| General subdivision |
Especímenes |
| Form subdivision |
Literatura juvenil. |
| Source of heading or term |
local |
| 650 #7 - SUBJECT ADDED ENTRY--TOPICAL TERM |
| Topical term or geographic name as entry element |
Materiales bilingues en espanol |
| Form subdivision |
Literatura juvenil. |
| Source of heading or term |
bidex |
| 942 ## - ADDED ENTRY ELEMENTS (KOHA) |
| Koha item type |
Libro/Book |
| Source of classification or shelving scheme |
Dewey Decimal Classification |